000 01188nam a2200265Ia 4500
003 OSt
005 20200818154835.0
008 191128s1997 ck a fr 000 0 spa d
020 _a9588007011
040 _aCO-JMCR
_cCO-JMCR
041 0 _aspa
082 _b
082 0 4 _a346.092 /
_bS959s
_223
110 2 _aSuperintendencia de Valores.
_98866
245 1 0 _aSociedad calificadora de valores : evaluación correcta del riesgo :
_bdeposito centralizado de valores : el manejo eficiente de sus títulos /
_cSuperintendencia de Valores
250 _a1a. edición
260 _aBogotá :
_bSuperintendencia de valores,
_c1997
300 _a63 páginas :
_bilustraciones a color ;
_c24 cm.
505 0 _a¿Qué es una sociedad calificadora de valores? -- ¿Qué es un depósito centralizado de valores?
520 3 _aA través de estas páginas usted comprenderá, que es una Sociedad Calificadora de Valores y los aspectos relacionados con la evaluación correcta del riesgo: significado, ventajas, factores y costos.
650 1 4 _aTítulos valores
_95897
650 1 4 _aInstrumentos negociables
_98867
650 1 4 _aDepósito centralizado de valores
_98868
942 _2ddc
_cBK
999 _c6348
_d6348